Statistics for A Series of Unfortunate Events - All Known Siblings

Click here to take the quiz!

General Stats

  • This quiz has been taken 29 times
    (27 since last reset)
  • The average score is 13 of 22

Answer Stats

Hint Answer % Correct
BaudelaireViolet
100%
BaudelaireKlaus
100%
BaudelaireSunny
100%
SnicketLemony
95%
SnicketKit
95%
QuagmireDuncan
95%
QuagmireQuigley
90%
SnicketJacques
90%
QuagmireIsadora
90%
CalibanOlivia
71%
Widdershins?Fiona
67%
AnwhistleIsaac
67%
Widdershins?Fernald
57%
Poe Generation 1Arthur
48%
Poe Generation 2Edgar
33%
SebaldGustav
33%
Poe Generation 2Albert
29%
AnwhistleGregor
24%
Poe Generation 1Eleanora
14%
SebaldSally
10%
CalibanMiranda
10%
AnwhistleHector
5%

Score Distribution

Percentile by Number Answered

Percent of People with Each Score

Your Score History

You have not taken this quiz since the last reset